Αρχές οικονομίας

Αποθηκεύτηκε σε:
Λεπτομέρειες βιβλιογραφικής εγγραφής
Κύριος συγγραφέας: Wilson, J. Holton, 1942-
Άλλοι συγγραφείς: Clark, J. R. (Jeff R.), Σαρρής, Νίκος (Επιμελητής έκδοσης)
Μορφή: Βιβλίο
Γλώσσα:Greek
English
Δημοσίευση: Αθήνα : Ελλην, c1999.
Θέματα:
Ετικέτες: Προσθήκη ετικέτας
Δεν υπάρχουν, Καταχωρήστε ετικέτα πρώτοι!

MARC

LEADER 00000cam a2200000 i 4500
001 1/20529
008 010808s1999 gr | ||| |||| ||gre||
020 |a 9602863927 
035 |l 10067143 
040 |a GR-MyUA  |b gre  |e AACR2 
041 1 |a gre  |h eng 
082 0 |a 330 
100 1 |a Wilson, J. Holton,   |d 1942- 
245 1 0 |a Αρχές οικονομίας /   |c J. Holton Wilson, J.R. Clark ; επιμέλεια Νίκος Σαρρής.  
260 |a Αθήνα :   |b Ελλην,   |c c1999.  
300 |a xix, 692 σ.  
500 |a Τίτλος πρωτοτύπου: Economics.  
650 0 0 |a Economics. 
700 1 |a Clark, J. R.   |q (Jeff R.) 
700 1 |a Σαρρής, Νίκος,  |e edt 
852 |a INST  |b CHIOS  |e 20010808  |h 330 WIL  |p 005200021088  |q 005200021088  |t BK  |y 0 
901 |a BIBL2-2001-2 
909 |a Χ  |b 083815 
970 |a ΣΠΕΝΤΖΑ  |b ΕΛΕΝΗ  |z 2001/08/08